[Event "Mercredi 2010.11.17 ABCD"]
[Site "Montreal CAN"]
[Date "2010.12.15"]
[Round "5"]
[White "Pregent, Daniel"]
[Black "Baran, Marius"]
[Result "1-0"]
[WhiteElo "1757"]
[BlackElo "1662"]
[PlyCount "77"]
[EventDate "2010.11.17"]
[EventType "swiss"]
[EventRounds "5"]
[EventCountry "CAN"]

1. d4 d5 2. c4 c6 3. Nf3 g6 4. e3 Bg7 5. Nc3 Nf6 6. Bd3 O-O 7. O-O Nbd7 8. b3
Re8 9. Bb2 dxc4 10. bxc4 e5 11. Qc2 exd4 12. exd4 Nb6 13. Rfe1 Be6 14. Ne4 Nxe4
15. Rxe4 Qc7 16. Rae1 Bd7 17. Ne5 Bf5 18. R4e2 Bxd3 19. Qxd3 Re6 20. f4 f6 21.
d5 cxd5 22. cxd5 Rd6 23. Rc1 Qd8 24. Ng4 Rc8 25. Rce1 Nxd5 26. Rd2 Rcc6 27.
Rde2 Nc7 28. Qb3+ Kh8 29. Re7 Qg8 30. Qxb7 Re6 31. R1xe6 Rxe6 32. Qxc7 Rxe7 33.
Qxe7 Qb8 34. Qe2 h5 35. Nxf6 Qb6+ 36. Kf1 Bxf6 37. Qe8+ Kg7 38. Qe7+ Kg8 39.
Qxf6 1-0

[Event "Mike Shpan mem"]
[Site "Winnipeg CAN"]
[Date "2010.11.02"]
[Round "1"]
[White "Chewynn, Masur"]
[Black "Lipic, Stephen"]
[Result "0-1"]
[WhiteElo "1207"]
[BlackElo "1823"]
[PlyCount "110"]
[EventDate "2010.11.02"]
[EventType "swiss"]
[EventRounds "6"]
[EventCountry "CAN"]

1. e4 c6 2. d4 d5 3. e5 Bf5 4. Bd3 Bxd3 5. Qxd3 Qa5+ 6. Bd2 Qa6 7. Qxa6 Nxa6 8.
Bf4 g6 9. Nf3 Nh6 10. O-O Nc7 11. Ng5 Nf5 12. c3 h6 13. Nf3 Ne6 14. Be3 g5 15.
h3 Neg7 16. e6 Nxe6 17. Ne5 Bg7 18. Nd2 Bxe5 19. dxe5 Nxe3 20. fxe3 Rf8 21.
Rac1 O-O-O 22. c4 d4 23. exd4 Nxd4 24. Rce1 Nc2 25. Re2 Rd3 26. Ref2 f5 27.
exf6 exf6 28. Rc1 Nd4 29. Ne4 f5 30. Nd6+ Kc7 31. c5 f4 32. Rcf1 Nf5 33. Nxf5
Rxf5 34. b4 Rfd5 35. Re2 b6 36. Re7+ Rd7 37. Rfe1 R3d5 38. R7e6 h5 39. R1e5 g4
40. Re4 Rd1+ 41. Re1 R1d5 42. R6e4 gxh3 43. Rxf4 hxg2 44. Kxg2 Rd2+ 45. Rf2
Rg7+ 46. Kf1 Rxf2+ 47. Kxf2 h4 48. Rh1 Rh7 49. Kf3 h3 50. Kg3 bxc5 51. bxc5 Rh5
52. Rxh3 Rxc5 53. Rh7+ Kb6 54. Kf4 Rc2 55. a3 Rc3 0-1

[Event "Mike Shpan mem"]
[Site "Winnipeg CAN"]
[Date "2010.11.02"]
[Round "1"]
[White "Iomdina, Alexander"]
[Black "Ott, Richard"]
[Result "0-1"]
[WhiteElo "1421"]
[BlackElo "1694"]
[PlyCount "64"]
[EventDate "2010.11.02"]
[EventType "swiss"]
[EventRounds "6"]
[EventCountry "CAN"]

1. d4 d5 2. c4 e5 3. dxe5 d4 4. Nf3 Nc6 5. g3 Nge7 6. Bg2 Ng6 7. Bg5 Bb4+ 8.
Nbd2 Qd7 9. O-O h6 10. Bh4 Ngxe5 11. a3 Bxd2 12. Nxd2 g5 13. f4 Ng4 14. Bh3
gxh4 15. Ne4 Qe7 16. Nf2 Nxf2 17. Rxf2 Bxh3 18. b4 O-O-O 19. Rf3 hxg3 20. hxg3
Rhg8 21. Kh2 Bg4 22. Rf2 d3 23. Qe1 Bxe2 24. b5 Qe3 25. Qg1 Nd4 26. Ra2 h5 27.
Qg2 h4 28. Qh3+ Kb8 29. Kg2 Rxg3+ 30. Qxg3 Qxg3+ 31. Kh1 Qxf2 32. Ra1 Bf3# 0-1

[Event "Mike Shpan mem"]
[Site "Winnipeg CAN"]
[Date "2010.11.02"]
[Round "1"]
[White "Joven, Perfecto"]
[Black "Wolchock, Theo"]
[Result "1-0"]
[WhiteElo "1949"]
[BlackElo "1551"]
[PlyCount "45"]
[EventDate "2010.11.02"]
[EventType "swiss"]
[EventRounds "6"]
[EventCountry "CAN"]

1. d4 e6 2. c4 Nf6 3. Nf3 Nc6 4. g3 g6 5. Bg2 Bg7 6. O-O O-O 7. Nc3 b6 8. Bg5
Bb7 9. Qd2 Rc8 10. e4 d6 11. Rad1 Qd7 12. Qc1 Ne7 13. Rfe1 c5 14. d5 e5 15. Bh6
Ng4 16. Bxg7 Kxg7 17. Bh3 Rc7 18. Nh4 Bc8 19. f3 Qd8 20. fxg4 h5 21. Rf1 hxg4
22. Bg2 Rh8 23. Qg5 1-0

[Event "Mike Shpan mem"]
[Site "Winnipeg CAN"]
[Date "2010.11.02"]
[Round "1"]
[White "Milord, Frank"]
[Black "Arzhang, Ahmed"]
[Result "0-1"]
[WhiteElo "1669"]
[BlackElo "1321"]
[PlyCount "68"]
[EventDate "2010.11.02"]
[EventType "swiss"]
[EventRounds "6"]
[EventCountry "CAN"]

1. e4 c5 2. Nf3 Nc6 3. d4 cxd4 4. Nxd4 Nf6 5. Nc3 e5 6. Ndb5 d6 7. Bg5 a6 8.
Na3 b5 9. Nd5 Be7 10. Bxf6 gxf6 11. c3 Be6 12. Nc2 f5 13. Bd3 Rc8 14. O-O Bf6
15. a4 fxe4 16. Bxe4 bxa4 17. Rxa4 Bxd5 18. Bxd5 a5 19. Ne3 Ne7 20. Qf3 Nxd5
21. Nxd5 Bg7 22. Rg4 Kf8 23. Rd1 h5 24. Re4 Rc5 25. Ra4 Qe8 26. Nf6 Qxa4 27.
Qa8+ Ke7 28. Nd5+ Rxd5 29. Qxd5 Rd8 30. f4 Qc2 31. Rd2 Qc1+ 32. Kf2 Qh1 33. c4
Qxh2 34. Kf3 Qxf4+ 0-1

[Event "Mike Shpan mem"]
[Site "Winnipeg CAN"]
[Date "2010.11.02"]
[Round "1"]
[White "Milward, David"]
[Black "Afolabi, Damola"]
[Result "0-1"]
[WhiteElo "1736"]
[BlackElo "1322"]
[PlyCount "90"]
[EventDate "2010.11.02"]
[EventType "swiss"]
[EventRounds "6"]
[EventCountry "CAN"]

1. e4 g6 2. d4 Bg7 3. Be3 e6 4. Nc3 Ne7 5. Bd3 O-O 6. Nge2 d5 7. Qd2 dxe4 8.
Bxe4 Nf5 9. Bxf5 exf5 10. O-O-O c6 11. Bh6 Bh8 12. h4 Be6 13. h5 Re8 14. hxg6
fxg6 15. d5 cxd5 16. Nxd5 Bxd5 17. Qxd5+ Qxd5 18. Rxd5 Bxb2+ 19. Kxb2 Rxe2 20.
Rd8+ Kf7 21. Bf4 h5 22. Rxb8 Rxb8 23. Bxb8 Rxf2 24. g3 a6 25. Rd1 Re2 26. Rd7+
Re7 27. Rxe7+ Kxe7 28. Kc3 Kf6 29. Kd4 Kg5 30. Be5 Kg4 31. Ke3 g5 32. c4 h4 33.
gxh4 gxh4 34. Kf2 f4 35. Kg2 f3+ 36. Kf2 Kf5 37. Bd6 Ke4 38. c5 h3 39. a3 a5
40. Bc7 a4 41. Bd6 Kd5 42. Kxf3 b6 43. Ke3 bxc5 44. Bh2 Kc4 45. Bd6 Kb3 0-1

[Event "Mike Shpan mem"]
[Site "Winnipeg CAN"]
[Date "2010.11.02"]
[Round "1"]
[White "Reimer, Bruce"]
[Black "Kontzamanis, Michael"]
[Result "1-0"]
[WhiteElo "1585"]
[BlackElo "1308"]
[PlyCount "67"]
[EventDate "2010.11.02"]
[EventType "swiss"]
[EventRounds "6"]
[EventCountry "CAN"]

1. c4 e5 2. g3 Nf6 3. Bg2 d5 4. cxd5 Nxd5 5. Nc3 Be6 6. Nf3 Nc6 7. O-O Be7 8.
d4 exd4 9. Nxd4 O-O 10. Nxe6 fxe6 11. Nxd5 exd5 12. Bxd5+ Kh8 13. Bxc6 bxc6 14.
Qc2 Qd5 15. Bf4 Bd6 16. e4 Qb5 17. a4 Qb4 18. e5 Bc5 19. Rac1 Bb6 20. Rfd1 Rxf4
21. gxf4 Qxf4 22. Qd2 Qxd2 23. Rxd2 Re8 24. Rcd1 h6 25. Rd8 Rxd8 26. Rxd8+ Kh7
27. e6 Bc5 28. Rd7 Kg6 29. Rxc7 Kf6 30. Rxc6 Be7 31. Ra6 g6 32. f3 Kf5 33. Kf2
Bf6 34. b4 1-0

[Event "Mike Shpan mem"]
[Site "Winnipeg CAN"]
[Date "2010.11.02"]
[Round "1.6"]
[White "Coran, Sean"]
[Black "Campbell, Gary"]
[Result "0-1"]
[WhiteElo "1682"]
[BlackElo "1648"]
[PlyCount "68"]
[EventDate "2010.11.02"]
[EventType "swiss"]
[EventRounds "6"]
[EventCountry "CAN"]

1. e4 e6 2. d4 d5 3. Nc3 Nf6 4. e5 Nfd7 5. Qg4 c5 6. Nf3 cxd4 7. Qxd4 Nc6 8.
Qf4 h6 9. Bb5 Be7 10. O-O f6 11. Qg3 Kf7 12. exf6 gxf6 13. Re1 a6 14. Bxc6 bxc6
15. Qh3 e5 16. Qh5+ Kg7 17. Nh4 Nf8 18. Re3 f5 19. Nxf5+ Bxf5 20. Qxf5 Ng6 21.
Rg3 Qd6 22. Bd2 Bh4 23. Rf3 Raf8 24. Qh5 Rxf3 25. Qxf3 Rf8 26. Qh5 Bxf2+ 27.
Kh1 Nf4 28. Bxf4 Rxf4 29. Rf1 e4 30. Qe2 Rh4 31. h3 e3 32. Qxa6 d4 33. Ne2 Qd5
34. Rd1 Rxh3# 0-1

[Event "Mike Shpan mem"]
[Site "Winnipeg CAN"]
[Date "2010.11.09"]
[Round "2"]
[White "Arzhang, Ahmed"]
[Black "Joven, Perfecto"]
[Result "0-1"]
[WhiteElo "1321"]
[BlackElo "1949"]
[PlyCount "60"]
[EventDate "2010.11.02"]
[EventType "swiss"]
[EventRounds "6"]
[EventCountry "CAN"]

1. Nf3 Nf6 2. c4 g6 3. b4 Bg7 4. Bb2 O-O 5. g3 d6 6. Bg2 Nbd7 7. d3 Rb8 8. O-O
c5 9. b5 e5 10. Nbd2 Nh5 11. e4 Ndf6 12. a4 Bg4 13. a5 Qc8 14. Qb3 Bh3 15. b6
a6 16. Qa3 Bxg2 17. Kxg2 Ng4 18. Ng1 f5 19. exf5 gxf5 20. h3 Nh6 21. d4 exd4
22. Qf3 Nf6 23. g4 fxg4 24. hxg4 Nhxg4 25. Rfe1 Ne5 26. Qg3 Qf5 27. Qh3 Qg5+
28. Qg3 Qxd2 29. Re2 Qd3 30. Qg5 Qg6 0-1

[Event "Mike Shpan mem"]
[Site "Winnipeg CAN"]
[Date "2010.11.09"]
[Round "2"]
[White "Chewynn, Masur"]
[Black "Milward, David"]
[Result "0-1"]
[WhiteElo "1207"]
[BlackElo "1736"]
[PlyCount "74"]
[EventDate "2010.11.02"]
[EventType "swiss"]
[EventRounds "6"]
[EventCountry "CAN"]

1. e4 c5 2. b3 Nf6 3. Nc3 Nc6 4. Bc4 e6 5. Nf3 Be7 6. d3 O-O 7. e5 d5 8. exd6
Bxd6 9. O-O a6 10. Bb2 b5 11. Ne4 Nxe4 12. dxe4 bxc4 13. e5 Be7 14. bxc4 Qxd1
15. Rfxd1 Rd8 16. Re1 Rb8 17. Bc3 Nd4 18. Rac1 Nxf3+ 19. gxf3 Bb7 20. Re3 Bg5
21. Bd2 Rxd2 22. Rb3 Rd3 23. cxd3 Bxc1 24. Kg2 Bf4 25. a4 Bxf3+ 26. Kxf3 Rxb3
27. Kxf4 Rxd3 28. Ke4 Rd4+ 29. Kf3 Kf8 30. Kg3 Rxc4 31. a5 Rd4 32. f4 c4 33. h4
c3 34. h5 c2 35. Kg4 c1=Q 36. h6 Qxf4+ 37. Kh5 Qf5# 0-1

[Event "Mike Shpan mem"]
[Site "Winnipeg CAN"]
[Date "2010.11.09"]
[Round "2"]
[White "De Groot, Steven"]
[Black "Iomdina, Alexander"]
[Result "0-1"]
[WhiteElo "1831"]
[BlackElo "1421"]
[PlyCount "58"]
[EventDate "2010.11.02"]
[EventType "swiss"]
[EventRounds "6"]
[EventCountry "CAN"]

1. e4 c5 2. c3 d6 3. Nf3 Nf6 4. d3 Nc6 5. g3 g6 6. Bg2 Bg7 7. O-O O-O 8. Nbd2
Bg4 9. h3 Bd7 10. Nh4 Qc8 11. Kh2 Ne5 12. Qe2 Bb5 13. c4 Ba4 14. f4 Nc6 15.
Nhf3 Nd7 16. Nb1 Nb4 17. Nc3 Bc6 18. a3 Na6 19. Nd5 Bxd5 20. exd5 Re8 21. Ng5
h6 22. Ne4 Qc7 23. Nc3 Bxc3 24. bxc3 e6 25. Qf2 exd5 26. Bxd5 Nf6 27. Bg2 Re7
28. f5 g5 29. h4 Ng4+ 0-1

[Event "Mike Shpan mem"]
[Site "Winnipeg CAN"]
[Date "2010.11.09"]
[Round "2"]
[White "Greenberg, Harley"]
[Black "Trueman, Francis"]
[Result "1-0"]
[WhiteElo "1719"]
[BlackElo "1557"]
[PlyCount "65"]
[EventDate "2010.11.02"]
[EventType "swiss"]
[EventRounds "6"]
[EventCountry "CAN"]

1. d4 Nf6 2. c4 d6 3. Nc3 g6 4. e4 Bg7 5. Be2 O-O 6. Nf3 Ne8 7. O-O Nd7 8. Be3
f5 9. Ng5 Nb6 10. c5 dxc5 11. Qb3+ c4 12. Bxc4+ Nxc4 13. Qxc4+ e6 14. exf5 Nd6
15. Qb3 gxf5 16. Nxe6 Bxe6 17. Qxe6+ Kh8 18. Bh6 Bxh6 19. Qxh6 Rf6 20. Qf4 Qg8
21. Rae1 Raf8 22. Re7 Rg6 23. Qe5+ Rff6 24. g3 c6 25. d5 Qc8 26. Re6 Qf8 27.
dxc6 bxc6 28. Re1 Qh6 29. Rxd6 Kg8 30. Rxf6 Rxf6 31. Qe3 f4 32. Qe8+ Rf8 33.
Qe6+ 1-0

[Event "Mike Shpan mem"]
[Site "Winnipeg CAN"]
[Date "2010.11.09"]
[Round "2"]
[White "Kontzamanis, Michael"]
[Black "Milord, Frank"]
[Result "1/2-1/2"]
[WhiteElo "1308"]
[BlackElo "1669"]
[PlyCount "114"]
[EventDate "2010.11.02"]
[EventType "swiss"]
[EventRounds "6"]
[EventCountry "CAN"]

1. e4 d6 2. d4 Nf6 3. Nc3 g6 4. Be3 Bg7 5. Qd2 O-O 6. Bc4 Nxe4 7. Bxf7+ Rxf7 8.
Nxe4 Nc6 9. Nf3 Bf5 10. Neg5 Rf8 11. O-O-O h6 12. d5 Nb8 13. Ne6 Bxe6 14. dxe6
Kh7 15. Bd4 c5 16. Bxg7 Kxg7 17. Qc3+ Kh7 18. Rd2 Nc6 19. a3 Rf6 20. Re1 Rc8
21. h4 Qg8 22. Rde2 b5 23. Qd3 c4 24. Qd5 Rf5 25. Qd2 a5 26. Nd4 Nxd4 27. Qxd4
Rcc5 28. Qe4 d5 29. Qd4 Qc8 30. Re5 Rxe5 31. Rxe5 Qc6 32. h5 gxh5 33. Qf4 Qe8
34. Qf7+ Qxf7 35. exf7 Kg7 36. Rf5 Kf8 37. Rxh5 Kxf7 38. Rxh6 d4 39. Kd2 Rg5
40. g3 e5 41. Ra6 a4 42. f4 exf4 43. gxf4 Rg2+ 44. Kc1 c3 45. bxc3 dxc3 46. Kd1
Rg1+ 47. Ke2 Ra1 48. Rb6 Rxa3 49. Rxb5 Ra2 50. Kd3 Rb2 51. Ra5 Rb4 52. f5 Kf6
53. Kxc3 Rf4 54. Kb2 Rb4+ 55. Ka3 Rc4 56. Rxa4 Rxc2 57. Ra5 Rf2 1/2-1/2

[Event "Mike Shpan mem"]
[Site "Winnipeg CAN"]
[Date "2010.11.09"]
[Round "2"]
[White "Ott, Richard"]
[Black "Reimer, Bruce"]
[Result "0-1"]
[WhiteElo "1694"]
[BlackElo "1585"]
[PlyCount "87"]
[EventDate "2010.11.02"]
[EventType "swiss"]
[EventRounds "6"]
[EventCountry "CAN"]

1. d4 Nf6 2. Nf3 g6 3. Bg5 Bg7 4. Nbd2 d6 5. e4 h6 6. Bxf6 Bxf6 7. c3 O-O 8.
Qb3 c5 9. d5 a6 10. a4 Nd7 11. Bd3 Ne5 12. Nxe5 Bxe5 13. O-O Rb8 14. f4 Bg7 15.
Rae1 e6 16. e5 dxe5 17. dxe6 Qxd3 18. exf7+ Kh8 19. Ne4 c4 20. Qb6 Qd8 21. Qxd8
Rxd8 22. fxe5 Rf8 23. Nc5 b6 24. e6 bxc5 25. e7 Bd7 26. exf8=Q+ Bxf8 27. Rf2
Kg7 28. Re4 Bxa4 29. Rxc4 Bb3 30. Rcf4 Rb7 31. c4 g5 32. Rg4 Rxf7 33. Rd2 Rf4
34. Rxf4 gxf4 35. Rf2 Bd6 36. Rd2 Be5 37. Kf1 Bxc4+ 38. Ke1 Bb3 39. Ke2 c4 40.
Kf3 a5 41. Rd5 Bxb2 42. Rxa5 c3 43. Ra7+ Kf6 44. Kxf4 0-1

[Event "Mike Shpan mem"]
[Site "Winnipeg CAN"]
[Date "2010.11.09"]
[Round "2"]
[White "Wolchock, Theo"]
[Black "Coran, Sean"]
[Result "0-1"]
[WhiteElo "1547"]
[BlackElo "1682"]
[PlyCount "100"]
[EventDate "2010.11.02"]
[EventType "swiss"]
[EventRounds "6"]
[EventCountry "CAN"]

1. e4 c5 2. Nf3 d6 3. Nc3 g6 4. Bc4 Bg7 5. O-O Nf6 6. h3 O-O 7. d3 Nc6 8. Be3
h6 9. Qd2 Kh7 10. Rfe1 a6 11. Rad1 b5 12. Bb3 Bd7 13. Nd5 Na5 14. c3 Nxb3 15.
axb3 Nxd5 16. exd5 Rb8 17. d4 cxd4 18. Bxd4 e5 19. Be3 f5 20. Qc2 Rc8 21. Qd2
Ra8 22. Qe2 f4 23. Bd2 Re8 24. c4 e4 25. Nh2 Qg5 26. Ng4 Bxg4 27. hxg4 bxc4 28.
bxc4 Bxb2 29. Bxf4 Qxf4 30. Qxb2 Qxg4 31. Qb7+ Kg8 32. Rd4 Qc8 33. Qxc8 Rexc8
34. Rexe4 a5 35. Rd1 a4 36. Ra1 Rcb8 37. Re3 Rb4 38. Rc3 Kf7 39. Kf1 Kf6 40.
Ke2 Ke5 41. Ke3 g5 42. g3 h5 43. f4+ gxf4+ 44. gxf4+ Kf5 45. Kf3 Rab8 46. Rg1
h4 47. Rg5+ Kf6 48. Re3 Rb3 49. Rxb3 axb3 50. Rg2 h3 0-1

[Event "Mike Shpan mem"]
[Site "Winnipeg CAN"]
[Date "2010.11.09"]
[Round "2.6"]
[White "Campbell, Gary"]
[Black "Kumaragamage, Shashika"]
[Result "1-0"]
[WhiteElo "1648"]
[BlackElo "1400"]
[PlyCount "75"]
[EventDate "2010.11.02"]
[EventType "swiss"]
[EventRounds "6"]
[EventCountry "CAN"]

1. d4 Nf6 2. c4 e6 3. Nc3 c5 4. d5 exd5 5. cxd5 d6 6. e4 g6 7. h3 Bg7 8. Nf3
O-O 9. Bd3 Nbd7 10. O-O Qe7 11. Bf4 a6 12. Re1 Nh5 13. Bh2 Ne5 14. Nxe5 Bxe5
15. Bxe5 Qxe5 16. Qc2 Qg5 17. Re3 Qd8 18. Rf3 Nf6 19. Qd2 Nd7 20. Bf1 Ne5 21.
Rg3 Qh4 22. Qg5 Qxg5 23. Rxg5 h6 24. Rg3 b5 25. a4 b4 26. Nd1 Kh7 27. Ne3 f5
28. f4 Nf7 29. exf5 gxf5 30. Bd3 Nd8 31. Nc4 Nb7 32. Re1 Rb8 33. Re7+ Kh8 34.
Rgg7 Re8 35. Rh7+ Kg8 36. Rxe8+ Kxh7 37. Rxc8 Rxc8 38. Bxf5+ 1-0

[Event "Mike Shpan mem"]
[Site "Winnipeg CAN"]
[Date "2010.11.16"]
[Round "3"]
[White "Coran, Sean"]
[Black "Ott, Richard"]
[Result "1-0"]
[WhiteElo "1682"]
[BlackElo "1694"]
[PlyCount "59"]
[EventDate "2010.11.02"]
[EventType "swiss"]
[EventRounds "6"]
[EventCountry "CAN"]

1. e4 c5 2. d4 cxd4 3. c3 g6 4. cxd4 Bg7 5. Nf3 Nf6 6. Nc3 d6 7. Bc4 O-O 8. O-O
Nc6 9. Bf4 Bg4 10. Be3 Rc8 11. Bb3 Na5 12. h3 Bxf3 13. Qxf3 Nd7 14. Rac1 Nxb3
15. axb3 a6 16. Nd5 Rc6 17. Bg5 f6 18. Be3 e6 19. Nf4 Qe7 20. Rc3 Rxc3 21. bxc3
f5 22. e5 dxe5 23. dxe5 Nxe5 24. Qe2 Nc6 25. b4 Bxc3 26. Bc5 Qf7 27. Bxf8 Qxf8
28. b5 Nd4 29. Qc4 Bd2 30. Qxd4 1-0

[Event "Mike Shpan mem"]
[Site "Winnipeg CAN"]
[Date "2010.11.16"]
[Round "3"]
[White "Czarny, Keith"]
[Black "Kontzamanis, Michael"]
[Result "1-0"]
[WhiteElo "1621"]
[BlackElo "1308"]
[PlyCount "53"]
[EventDate "2010.11.02"]
[EventType "swiss"]
[EventRounds "6"]
[EventCountry "CAN"]

1. Nf3 Nf6 2. c4 c5 3. g3 Nc6 4. Bg2 d5 5. cxd5 Nxd5 6. O-O e5 7. d3 Be6 8. Ng5
Bg4 9. h3 Bh5 10. Qb3 Nce7 11. Nc3 Nxc3 12. bxc3 h6 13. Ne4 b6 14. Qb5+ Qd7 15.
Nd6+ Kd8 16. Nxf7+ Bxf7 17. Qxd7+ Kxd7 18. Bxa8 Nc6 19. Bb2 Bd6 20. Bxc6+ Kxc6
21. c4 Re8 22. f3 g5 23. Bc3 e4 24. fxe4 Bxg3 25. Rxf7 a5 26. Raf1 Re6 27. R1f6
1-0

[Event "Mike Shpan mem"]
[Site "Winnipeg CAN"]
[Date "2010.11.16"]
[Round "3"]
[White "Czypinski, Jaroslaw"]
[Black "Reimer, Bruce"]
[Result "1-0"]
[WhiteElo "1960"]
[BlackElo "1585"]
[PlyCount "47"]
[EventDate "2010.11.02"]
[EventType "swiss"]
[EventRounds "6"]
[EventCountry "CAN"]

1. d4 Nf6 2. Nf3 g6 3. Nc3 d5 4. Bf4 Bg7 5. e3 O-O 6. Bd3 Nh5 7. Bg3 Nxg3 8.
hxg3 Bg4 9. Qd2 a5 10. Rh4 Bxf3 11. gxf3 e5 12. dxe5 Bxe5 13. O-O-O f5 14. Rdh1
Rf7 15. f4 Bf6 16. Rh6 c5 17. Bb5 Qb6 18. Qxd5 Qd8 19. Qxd8+ Bxd8 20. Bc4 Kf8
21. Bxf7 Kxf7 22. Rxh7+ Ke6 23. Rd1 Nc6 24. Nb5 1-0

[Event "Mike Shpan mem"]
[Site "Winnipeg CAN"]
[Date "2010.11.16"]
[Round "3"]
[White "Iomdina, Alexander"]
[Black "Afolabi, Damola"]
[Result "0-1"]
[WhiteElo "1421"]
[BlackElo "1322"]
[PlyCount "66"]
[EventDate "2010.11.02"]
[EventType "swiss"]
[EventRounds "6"]
[EventCountry "CAN"]

1. d4 g6 2. c4 Bg7 3. Nc3 e6 4. e4 Ne7 5. Bg5 O-O 6. Bd3 Bxd4 7. Qc2 Bg7 8. Nf3
b6 9. Nb5 Nbc6 10. O-O a6 11. Bxe7 Nxe7 12. Nc3 Nc6 13. Rad1 Nb4 14. Qb3 Nxd3
15. Rxd3 Bb7 16. Rfd1 d6 17. c5 Bxc3 18. bxc3 Bxe4 19. Re3 Bxf3 20. Rxf3 bxc5
21. Rdd3 Qd7 22. Rh3 Rab8 23. Qc4 Rb1+ 24. Rd1 Rxd1+ 25. Qf1 Rxf1+ 26. Kxf1 Rb8
27. c4 Rb1+ 28. Ke2 Rb2+ 29. Kf1 Rxa2 30. Rc3 Qa4 31. Rc1 d5 32. cxd5 exd5 33.
Rxc5 Qd1# 0-1

[Event "Mike Shpan mem"]
[Site "Winnipeg CAN"]
[Date "2010.11.16"]
[Round "3"]
[White "Li, Henry"]
[Black "Arzhang, Ahmed"]
[Result "0-1"]
[WhiteElo "1447"]
[BlackElo "1321"]
[PlyCount "32"]
[EventDate "2010.11.02"]
[EventType "swiss"]
[EventRounds "6"]
[EventCountry "CAN"]

1. e4 c5 2. Nf3 Nc6 3. d4 cxd4 4. Nxd4 Nf6 5. Nc3 e5 6. Nxc6 bxc6 7. Be3 Bb4 8.
Qd2 Nxe4 9. Qd3 Qa5 10. Bd2 Nxd2 11. Qxd2 d5 12. O-O-O d4 13. Qd3 dxc3 14. bxc3
Bxc3 15. Qf3 Qa3+ 16. Kb1 Qb2# 0-1

[Event "Mike Shpan mem"]
[Site "Winnipeg CAN"]
[Date "2010.11.16"]
[Round "3"]
[White "Milord, Frank"]
[Black "Trueman, Francis"]
[Result "1-0"]
[WhiteElo "1669"]
[BlackElo "1557"]
[PlyCount "87"]
[EventDate "2010.11.02"]
[EventType "swiss"]
[EventRounds "6"]
[EventCountry "CAN"]

1. e4 d6 2. d4 Nf6 3. Nc3 g6 4. Be2 Bg7 5. Be3 O-O 6. h4 Nbd7 7. h5 e5 8. hxg6
fxg6 9. d5 Nc5 10. Bf3 a5 11. Bg5 Qd7 12. Rh4 b5 13. a3 Bb7 14. Qd2 b4 15. Nd1
Rfb8 16. axb4 axb4 17. Rxa8 Rxa8 18. Ne2 Ra4 19. b3 Ra2 20. Nc1 Ra1 21. Qxb4
Rxc1 22. Bxc1 Qe7 23. g3 Qe8 24. Ne3 Qa8 25. Ke2 Qb8 26. Ke1 Qa7 27. Qa3 Qb8
28. c4 Nfd7 29. Ng4 Nd3+ 30. Kd2 N3c5 31. Kc2 Qf8 32. b4 Na6 33. b5 Nac5 34.
Bh6 Nb6 35. Bxg7 Kxg7 36. Qe3 Kh8 37. Be2 Nbd7 38. Qh6 Qf7 39. Bd3 Bc8 40. f4
exf4 41. e5 Nxd3 42. e6 Nb4+ 43. Kb3 Nc5+ 44. Kxb4 1-0

[Event "Mike Shpan mem"]
[Site "Winnipeg CAN"]
[Date "2010.11.16"]
[Round "3"]
[White "Milward, David"]
[Black "Greenberg, Harley"]
[Result "1/2-1/2"]
[WhiteElo "1736"]
[BlackElo "1719"]
[PlyCount "50"]
[EventDate "2010.11.02"]
[EventType "swiss"]
[EventRounds "6"]
[EventCountry "CAN"]

1. e4 c5 2. Nf3 e6 3. Nc3 a6 4. d4 cxd4 5. Nxd4 Qc7 6. Bd3 Nc6 7. Nb3 Bb4 8.
Bd2 Nge7 9. O-O O-O 10. f4 d6 11. Qh5 f6 12. Rf3 Rf7 13. f5 g6 14. Qh4 Ne5 15.
Rff1 Nxd3 16. fxe6 Bxe6 17. cxd3 Bxb3 18. axb3 Qb6+ 19. Kh1 Qd4 20. Ne2 Qxb2
21. Bxb4 Qxe2 22. Bxd6 Qxd3 23. Bxe7 Rxe7 24. Qxf6 Qxe4 25. h3 Qe6 1/2-1/2

[Event "Mike Shpan mem"]
[Site "Winnipeg CAN"]
[Date "2010.11.16"]
[Round "3.6"]
[White "Joven, Perfecto"]
[Black "Campbell, Gary"]
[Result "1-0"]
[WhiteElo "1949"]
[BlackElo "1648"]
[PlyCount "49"]
[EventDate "2010.11.02"]
[EventType "swiss"]
[EventRounds "6"]
[EventCountry "CAN"]

1. Nf3 d5 2. d4 Nf6 3. c4 e6 4. g3 Bb4+ 5. Bd2 Be7 6. Bg2 O-O 7. O-O dxc4 8.
Qc2 c5 9. Qxc4 cxd4 10. Nxd4 e5 11. Nb5 Na6 12. Rd1 Be6 13. Qc2 Rc8 14. N1c3
Qb6 15. Qb1 Bc5 16. e3 Bc4 17. a4 Bb3 18. Rc1 Rfd8 19. Be1 Re8 20. Qf5 Nb4 21.
a5 Qa6 22. Bf1 Qc6 23. Na4 Bxa4 24. Rxa4 Na6 25. b4 1-0

[Event "Mike Shpan mem"]
[Site "Winnipeg CAN"]
[Date "2010.11.23"]
[Round "4"]
[White "Afolabi, Damola"]
[Black "Greenberg, Harley"]
[Result "1-0"]
[WhiteElo "1322"]
[BlackElo "1719"]
[PlyCount "51"]
[EventDate "2010.11.02"]
[EventType "swiss"]
[EventRounds "6"]
[EventCountry "CAN"]

1. g3 Nf6 2. Bg2 e5 3. e3 d5 4. Ne2 Nc6 5. b3 Bd6 6. Bb2 O-O 7. Nbc3 Be6 8. Nb5
Bc5 9. d4 exd4 10. Nexd4 Nxd4 11. Nxd4 Bg4 12. Qd3 Qd7 13. h3 Bh5 14. g4 Nxg4
15. hxg4 Qxg4 16. Bf3 Bb4+ 17. c3 Bg6 18. Bxg4 Bxd3 19. cxb4 f5 20. Be2 Bxe2
21. Nxe2 Rae8 22. Rg1 Rf7 23. Nf4 c6 24. Nh5 Ree7 25. Rxg7+ Rxg7 26. Nxg7 1-0

[Event "Mike Shpan mem"]
[Site "Winnipeg CAN"]
[Date "2010.11.23"]
[Round "4"]
[White "Czarny, Keith"]
[Black "Milward, David"]
[Result "1-0"]
[WhiteElo "1621"]
[BlackElo "1736"]
[PlyCount "43"]
[EventDate "2010.11.02"]
[EventType "swiss"]
[EventRounds "6"]
[EventCountry "CAN"]

1. Nf3 Nf6 2. c4 g6 3. Nc3 Bg7 4. e4 d6 5. d4 O-O 6. Bd3 e5 7. dxe5 dxe5 8. O-O
c6 9. Nxe5 Nxe4 10. Nxc6 Nxc6 11. Nxe4 Qh4 12. Bg5 Qg4 13. Qxg4 Bxg4 14. Nf6+
Bxf6 15. Bxf6 Rfe8 16. Rfe1 Kf8 17. a3 Rac8 18. Be4 Re6 19. Bc3 Ne5 20. f3 Bf5
21. Bxb7 Rc5 22. Bb4 1-0

[Event "Mike Shpan mem"]
[Site "Winnipeg CAN"]
[Date "2010.11.23"]
[Round "4"]
[White "Lipic, Stephen"]
[Black "Coran, Sean"]
[Result "1-0"]
[WhiteElo "1823"]
[BlackElo "1682"]
[PlyCount "71"]
[EventDate "2010.11.02"]
[EventType "swiss"]
[EventRounds "6"]
[EventCountry "CAN"]

1. e4 c5 2. Nc3 d6 3. f4 Nc6 4. Bb5 Bd7 5. Nf3 g6 6. O-O Bg7 7. d3 e6 8. Bxc6
bxc6 9. Ne2 Ne7 10. Rb1 O-O 11. b3 d5 12. c4 Qc7 13. Qe1 a5 14. Qf2 Qa7 15. Ba3
Rfe8 16. Bxc5 Qa6 17. e5 a4 18. g4 axb3 19. axb3 Qa5 20. b4 Qa3 21. cxd5 Nxd5
22. Qd4 Ra4 23. Ra1 Qb3 24. Rxa4 Qxa4 25. Nd2 Qc2 26. Ne4 Qxe2 27. h3 Ra8 28.
Rf2 Qe1+ 29. Rf1 Qh4 30. Rf3 Ra2 31. Qc4 Ra1+ 32. Kg2 Re1 33. Qa2 f5 34. Qa8+
Kf7 35. Nd6+ Ke7 36. Nxf5+ 1-0

[Event "Mike Shpan mem"]
[Site "Winnipeg CAN"]
[Date "2010.11.23"]
[Round "4"]
[White "Ott, Richard"]
[Black "Li, Henry"]
[Result "1-0"]
[WhiteElo "1694"]
[BlackElo "1447"]
[PlyCount "57"]
[EventDate "2010.11.02"]
[EventType "swiss"]
[EventRounds "6"]
[EventCountry "CAN"]

1. d4 Nf6 2. Nf3 g6 3. Bg5 Bg7 4. Nbd2 d5 5. e3 O-O 6. h3 Re8 7. Bd3 Nbd7 8.
O-O c5 9. c3 e5 10. dxe5 Nxe5 11. Nxe5 Rxe5 12. Nf3 Re8 13. Nh2 Be6 14. Qf3 c4
15. Bc2 b5 16. Rad1 Rb8 17. e4 dxe4 18. Bxe4 Qe7 19. Rde1 Bd5 20. Bxf6 Bxf6 21.
Ng4 Bxc3 22. bxc3 Bxe4 23. Rxe4 Qxe4 24. Nf6+ Kf8 25. Nxe4 Re7 26. Qf4 Rb6 27.
Rd1 Ke8 28. Nf6+ Kf8 29. Qh6# 1-0